000 00870 aa a2200229 4500
005 20120611142619.0
010 _a
020 _c235.00
_a
035 _aB-142980
037 _bpub
082 _a615.53
100 _aचन्देल, कृष्णभूषण
_948859
245 _aहोमियोपैथी के चमत्कार /
_cकृष्णभूषण चन्देल
246 _a
_b
250 _a
260 _aमथुरा
_bरोजगार प्रकाशन
_c2004
270 _a
_b
_e
300 _a254पृ
_c22 सेमी (सजिल्द)
490 _a
_948860
942 _adpl
_cHN
_k
_2ddc
_h615.53
_mचन्देल
999 _c67814
_d67814